Statistics for Spouses of World Leaders

Click here to take the quiz!

General Stats

  • This quiz has been taken 10,553 times
  • The average score is 12 of 20

Answer Stats

LeaderSpouse% Correct
Bill Clinton{Hillary} Clinton
99%
Barack Obama{Michelle} Obama
98%
Louis XVIMarie {Antoinette}
87%
John F. Kennedy{Jacqueline} Kennedy
82%
Juan Perón{Eva} Perón
76%
Adolf HitlerEva {Braun}
75%
Queen Elizabeth IIPrince {Philip}
75%
Franklin D. Roosevelt{Eleanor} Roosevelt
72%
Queen VictoriaPrince {Albert}
66%
Rainier III of MonacoPrincess {Grace}
64%
George Washington{Martha} Washington
53%
Ferdinand Marcos{Imelda} Marcos
50%
William III of England{Mary} II of England
50%
Nelson Mandela{Winnie} Mandela
49%
Isabella I of Castile{Ferdinand} II of Aragon
47%
Napoleon{Josephine} de Beauharnais
42%
Tony Blair{Cherie} Blair
36%
Margaret Thatcher{Denis} Thatcher
26%
Mikhail Gorbachev{Raisa} Gorbacheva
19%
Augustus{Livia} Drusilla
10%

Score Distribution

Percentile by Number Answered

Percent of People with Each Score

Your Score History

You have not taken this quiz